000 01218cad a22002415a 4500
001 E147448
008 090512s2009 xxkao f 000 0 eng d
035 _a(Sirsi) u147448
041 0 _aeng
050 0 4 _a333.72 $2 18
110 2 _aArchitecture and Design Scotland
_95714
245 0 0 _aPeople, places and planet
_ba position paper on sustainable development
_h[electronic resource]
260 _aEdinbugh
_bA+DS
_c2009
300 _a47p.
_bcol. ill.
_c21cm.
505 2 _aIntroduction -- The climate challenge -- Sustainable places -- Sustainable buildings -- Tools for assessment -- Public sector roles -- Third and private sector roles -- Conclusions
520 _aArchitecture and Design Scotland's position paper on sustainability, which discusses how the design of the built environment can help to address the challenges of climate change and sustainability.
521 _aAdvanced
590 _aKA
651 4 _aScotland
_y1999-
690 _aPlanning and development
_96259
856 4 0 _uhttps://www.ads.org.uk/download/4966-people-places-and-planet&sa=U&ei=uye2T9KWB7Cp0AXYvJS_Cg&ved=0CBkQFjAC&usg=AFQjCNHZssGdx_uLBqpu7YESM1DU2jbsYw
_zView the paper free of charge at www.ads.org.uk...
942 _n0
999 _c109556
_d109556